Right Back (Secret of the Mimic Song) By Rockit Music Lyrics - Statistics

General Stats
  • This quiz has been taken 3 times
  • The average score is 390 of 443
Answer Stats
Hint Answer % Correct
A
100%
All
100%
Alone
100%
And
100%
Ask
100%
Back
100%
Behind
100%
Burn
100%
Cause
100%
Coming
100%
Decorum
100%
Do
100%
Don't
100%
Down
100%
Forget
100%
Freak
100%
Ghost
100%
Head
100%
Hidden
100%
Home
100%
Horror
100%
I
100%
I'm
100%
Imitate
100%
In
100%
Is
100%
Kill
100%
Know
100%
Knows
100%
Laughter
100%
Like
100%
Mask
100%
Me
100%
Mimic
100%
My
100%
Of
100%
Right
100%
Screams
100%
Silence
100%
Soul
100%
Speak
100%
Talk
100%
Talking
100%
That
100%
The
100%
To
100%
Tone
100%
Truth
100%
Voice
100%
Wearing
100%
Went
100%
What
100%
Who
100%
Lyrics Who's
100%
With
100%
Wrong
100%
You
100%
Coated
67%
Cross
67%
Deny
67%
Heart
67%
Hiding
67%
Hope
67%
Inspired
67%
It
67%
Made
67%
Mind
67%
Mine
67%
Never
67%
New
67%
Often
67%
Skin
67%
This
67%
Up
67%
When
67%
Wires
67%
Your
67%
Been
33%
Black
33%
Blood
33%
Copy
33%
Da
33%
Defines
33%
Design
33%
Die
33%
Feel
33%
Get
33%
Hung
33%
It's
33%
Plaques
33%
Turns
33%
Cracked
0%
Failing
0%
Feed
0%
Na
0%
Old
0%
Overloading
0%
Pieces
0%
Softly
0%
Suits
0%
Systems
0%
Tech
0%
Warning
0%
Was
0%
Whisper
0%
Without
0%
No matching quizzes found
Score Distribution
Percent of People with Each Score
Percentile by Number Answered
Your Score History
You have not taken this quiz